| 000 -LEADER |
| fixed length control field |
00753nam a2200253Ia 4500 |
| 001 - CONTROL NUMBER |
| control field |
20790 |
| 003 - CONTROL NUMBER IDENTIFIER |
| control field |
GE_BSU |
| 005 - DATE AND TIME OF LATEST TRANSACTION |
| control field |
20221111141918.0 |
| 008 - FIXED-LENGTH DATA ELEMENTS--GENERAL INFORMATION |
| fixed length control field |
181216s2014||||enk|||||||||||||| ||eng|| |
| 020 ## - INTERNATIONAL STANDARD BOOK NUMBER |
| International Standard Book Number |
9781780766850x |
| 040 ## - CATALOGING SOURCE |
| Transcribing agency |
GE_BSU |
| 041 ## - LANGUAGE CODE |
| Language code of text/sound track or separate title |
eng |
| 080 ## - UNIVERSAL DECIMAL CLASSIFICATION NUMBER |
| Universal Decimal Classification number |
327 Th-44 |
| 100 ## - MAIN ENTRY--PERSONAL NAME |
| Personal name |
Corner, Mark |
| 9 (RLIN) |
11219 |
| 245 #4 - TITLE STATEMENT |
| Title |
The European Union : |
| Remainder of title |
An Introduction / |
| Statement of responsibility, etc. |
Mark Corner. |
| 264 ## - PRODUCTION, PUBLICATION, DISTRIBUTION, MANUFACTURE, AND COPYRIGHT NOTICE |
| Place of production, publication, distribution, manufacture |
London : |
| Name of producer, publisher, distributor, manufacturer |
Published by I.B.Tauris, |
| Date of production, publication, distribution, manufacture, or copyright notice |
2014. |
| 300 ## - PHYSICAL DESCRIPTION |
| Extent |
264 p. ; |
| Dimensions |
22 cm. |
| 500 ## - GENERAL NOTE |
| General note |
Index. : p. 259-264 |
| 653 ## - INDEX TERM--UNCONTROLLED |
| keyword |
Европейский союз : введение |
| 653 ## - INDEX TERM--UNCONTROLLED |
| keyword |
Политика |
| 653 ## - INDEX TERM--UNCONTROLLED |
| keyword |
ევროკავშირი : შესავალი |
| 653 ## - INDEX TERM--UNCONTROLLED |
| keyword |
პოლიტიკა |
| 942 ## - ADDED ENTRY ELEMENTS (KOHA) |
| Koha item type |
წიგნი |
| Source of classification or shelving scheme |
|